000 00345nam a22001457a 4500
082 _a823
_bPUN/S
100 _aPUNTER, RUSSEL
245 _aSTORIES OF PIRATES
_bSHORT STORY
246 _aSTORIES OF PIRATES
_bSHORT STORY
260 _aLONDON
_bUSBORNE HOUSE
_c2003
300 _a47
520 _aSHORT STORY
650 _aSHORT STORY
942 _cBK
999 _c2756
_d2756